[Event "Foxwoods op 15th"]
[Site "Ledyard"]
[Date "2023.04.09"]
[Round "9"]
[White "Muthukumar, Haari"]
[Black "Fricano, Paul Royal"]
[Result "1-0"]
[WhiteElo "1930"]
[BlackElo "1849"]
[PlyCount "67"]
[EventDate "2023.04.05"]
[EventType "swiss"]
[EventRounds "9"]
[EventCountry "USA"]
[SourceTitle "CBM 213 Extra"]
[Source "ChessBase"]
[SourceDate "2023.05.31"]
[SourceVersion "1"]
[SourceVersionDate "2023.05.31"]
[SourceQuality "1"]

1. e4 c5 2. Nf3 Nc6 3. d4 cxd4 4. Nxd4 e5 5. Nb5 d6 6. N1c3 a6 7. Na3 b5 8. Nd5 f5 9. Be3 Rb8 10. exf5 Bxf5 11. Qf3 Qd7 12. Be2 Nge7 13. Rd1 Nxd5 14. Qxd5 Be6 15. Qf3 Be7 16. 0-0 Bf7 17. c4 b4 18. Nb1 0-0 19. Bd3 Kh8 20. Qe2 Bf6 21. Nd2 Nd4 22. Bxd4 exd4 23. Ne4 Be7 24. Bb1 d5 25. cxd5 Qxd5 26. Qd3 Bg6 27. Qxd4 Qa5 28. Qd7 Qe5 29. Rd5 Qf4 30. Qxe7 Rbe8 31. Qxb4 Rxe4 32. Bxe4 Bxe4 33. Rd4 Re8 34. Re1 1-0

[Event "Foxwoods op 14th U2000"]
[Site "Ledyard"]
[Date "2022.04.17"]
[Round "7"]
[White "Fricano, Paul Royal"]
[Black "Sergeev, Aleksey M"]
[Result "0-1"]
[WhiteElo "1908"]
[BlackElo "1845"]
[PlyCount "54"]
[EventDate "2022.04.14"]
[EventType "swiss"]
[EventRounds "7"]
[EventCountry "USA"]
[SourceTitle "EXT 2023"]
[Source "ChessBase"]
[SourceDate "2022.10.05"]
[SourceVersion "1"]
[SourceVersionDate "2022.10.05"]
[SourceQuality "1"]

1. e4 c6 2. d4 d5 3. f3 dxe4 4. fxe4 e5 5. Nf3 Bg4 6. Bc4 Nd7 7. 0-0 Ngf6 8. c3 Bh5 9. Qe1 Qc7 10. a4 Bd6 11. Nbd2 0-0 12. Ba2 Rfe8 13. h3 Bg6 14. Nh4 exd4 15. Nxg6 dxc3 16. Nc4 Bh2+ 17. Kh1 hxg6 18. Qxc3 Nxe4 19. Qf3 Ng3+ 20. Kxh2 Nxf1+ 21. Kg1 Re1 22. Kf2 Rae8 23. Ne3 Ne5 24. Bxf7+ Qxf7 25. Qxf7+ Nxf7 26. Nxf1 R8e2+ 27. Kg1 Rc2 0-1

[Event "Wisconsin Int"]
[Site "Madison"]
[Date "2017.06.15"]
[Round "5"]
[White "Wang, Justin"]
[Black "Fricano, Paul Royal"]
[Result "1-0"]
[WhiteElo "2232"]
[BlackElo "2047"]
[PlyCount "57"]
[EventDate "2017.06.13"]
[EventType "swiss"]
[EventRounds "9"]
[EventCountry "USA"]
[SourceTitle "CBM 179 Extra"]
[Source "ChessBase"]
[SourceDate "2017.08.23"]
[SourceVersion "1"]
[SourceVersionDate "2017.08.23"]
[SourceQuality "1"]

1. e4 Nf6 2. e5 Nd5 3. d4 d6 4. c4 Nb6 5. exd6 cxd6 6. Nc3 g6 7. Be3 Bg7 8. Rc1 0-0 9. Be2 Nc6 10. b3 Nd7 11. Nf3 a6 12. 0-0 Nf6 13. d5 Nb8 14. a3 Bg4 15. h3 Bxf3 16. Bxf3 Nbd7 17. b4 Rc8 18. Be2 Ne8 19. Qb3 e5 20. dxe6 fxe6 21. Rfd1 Qh4 22. c5 d5 23. Nxd5 exd5 24. Rxd5 Kh8 25. Rxd7 Nf6 26. Rf7 Rfe8 27. Rxb7 Rxe3 28. Qxe3 Bh6 29. Rc4 1-0

[Event "Politiken Cup 36th"]
[Site "Helsingor"]
[Date "2014.07.25"]
[Round "6"]
[White "Fricano, Paul Royal"]
[Black "Hendrickson, Nolan"]
[Result "0-1"]
[WhiteElo "2013"]
[BlackElo "2168"]
[PlyCount "54"]
[EventDate "2014.07.21"]
[EventType "swiss"]
[EventRounds "10"]
[EventCountry "DEN"]
[SourceTitle "CBM 161 Extra"]
[Source "ChessBase"]
[SourceDate "2014.08.29"]
[SourceVersion "1"]
[SourceVersionDate "2014.08.29"]
[SourceQuality "1"]

1. d4 Nf6 2. c4 g6 3. Nc3 Bg7 4. e4 0-0 5. f4 d6 6. Be2 c5 7. d5 e6 8. Nf3 exd5 9. cxd5 Re8 10. e5 dxe5 11. fxe5 Ng4 12. e6 fxe6 13. Bg5 Qb6 14. Qd2 c4 15. 0-0-0 exd5 16. Nxd5 Qc5 17. Ne7+ Kh8 18. Qd6 Nd7 19. Qxc5 Nxc5 20. Bxc4 Be6 21. Bxe6 Nxe6 22. Rd7 Nxg5 23. Nxg5 Ne5 24. Re1 Bf6 25. Rxe5 Bxe5 26. Nf7+ Kg7 27. Nxe5 Kf6 0-1

[Event "Leiden op-A 8th"]
[Site "Leiden"]
[Date "2014.07.12"]
[Round "2"]
[White "Lupor, Andre"]
[Black "Fricano, Paul Royal"]
[Result "1-0"]
[WhiteElo "2281"]
[BlackElo "2013"]
[PlyCount "117"]
[EventDate "2014.07.11"]
[EventType "swiss"]
[EventRounds "9"]
[EventCountry "NED"]
[SourceTitle "CBM 161 Extra"]
[Source "ChessBase"]
[SourceDate "2014.08.29"]
[SourceVersion "1"]
[SourceVersionDate "2014.08.29"]
[SourceQuality "1"]

1. d4 Nf6 2. c4 e5 3. dxe5 Ng4 4. Bf4 Bb4+ 5. Nd2 d6 6. exd6 Bxd6 7. Bxd6 Qxd6 8. Ngf3 Qb6 9. e3 Qxb2 10. Be2 Nc6 11. 0-0 0-0 12. Rb1 Qxa2 13. Qc1 Qa6 14. Ra1 Na5 15. Qc3 b6 16. Nb3 c5 17. Rfd1 Nf6 18. Ng5 h6 19. Rd6 hxg5 20. Nxc5 Ne4 21. Nxe4 Qb7 22. Nxg5 Qe7 23. Rd5 f6 24. Nf3 Be6 25. Rd4 Rac8 26. h3 Qf7 27. Rc1 Rc5 28. Nd2 Nc6 29. Rd6 Qe7 30. Ne4 Bxh3 31. Nxc5 Qxd6 32. Nb7 Qc7 33. gxh3 Qxb7 34. Bf3 Qc7 35. c5 Ne5 36. Bd5+ Kh8 37. cxb6 Qxc3 38. Rxc3 axb6 39. f4 Ng6 40. Kf2 Rb8 41. Rc7 Nf8 42. e4 Ng6 43. Ke3 Kh7 44. Bc4 b5 45. Bd3 Kg8 46. e5 Nxe5 47. fxe5 fxe5 48. Ke4 Kh7 49. Rc6 Rd8 50. Bxb5 Rf8 51. Kxe5 Rf3 52. h4 Rf6 53. Rc8 Rf3 54. Bc6 Rh3 55. Be4+ g6 56. Kf6 Rg3 57. h5 Rg5 58. hxg6+ Kh6 59. Rh8# 1-0

[Event "Chicago op 17th"]
[Site "Chicago"]
[Date "2008.05.25"]
[Round "5"]
[White "Fricano, Paul Royal"]
[Black "Wolf, Dan"]
[Result "0-1"]
[WhiteElo "1918"]
[BlackElo "2295"]
[PlyCount "82"]
[EventDate "2008.05.23"]
[EventType "swiss"]
[EventRounds "7"]
[EventCountry "USA"]
[SourceTitle "CBM 124 Extra"]
[Source "ChessBase"]
[SourceDate "2008.07.03"]
[SourceVersion "1"]
[SourceVersionDate "2008.07.03"]
[SourceQuality "1"]

1. d4 Nf6 2. Bg5 g6 3. Nc3 Bg7 4. e4 d6 5. f3 c6 6. Qd2 b5 7. 0-0-0 Qa5 8. Kb1 Nbd7 9. Nh3 Nb6 10. Nf2 b4 11. Ne2 Nc4 12. Qc1 Rb8 13. Bxf6 Bxf6 14. Nf4 Ba6 15. Bxc4 Bxc4 16. b3 Be6 17. Nxe6 fxe6 18. f4 0-0 19. Rhf1 c5 20. e5 Bg7 21. Ne4 cxd4 22. exd6 exd6 23. Nxd6 Qd5 24. Nc4 Qxg2 25. Rd2 Qd5 26. Rd3 Rf7 27. Qe1 a5 28. Qg3 Rbf8 29. Ne3 Qe4 30. Ng2 a4 31. Re1 Qc6 32. Re2 Rc8 33. Qe1 axb3 34. cxb3 Rfc7 35. Nh4 Qa6 36. Red2 Rc3 37. Qf1 Qc6 38. Rd1 Rc2 39. R3d2 Qc3 40. Rxc2 Qxc2+ 41. Ka1 d3# 0-1